00318nam a22001217a 450000500170000002000220001703500120003903700130005110000210006424500750008526000120016030000240017220120323120226.0 a0879520388c00.00 aB-45667 aDPLbENG aEddy, Mary Baker aScience and health :bWith key to the scriptures /cby Mary Baker Eddy aBostorn axii, 700p.c22 cms.